000 00414 a2200157 4500
005 20250621120610.0
020 _a978-1-292-01738-9
082 _a658.848 KEE
100 _aKEEGAN, W. J.
245 _aGlobal Marketing
250 _a8th Ed.
260 _aBoston,
_bPearson,
_c2015.
300 _a608p.: ill.; picture, map, figure,
_bGlossary & index,
_c27cm.
700 _aGREEN, M. C.
942 _2ddc
_cBKS
999 _c2258
_d2258